Enrique A. Laguerre y "los amos benévolos" / (Record no. 173350)

MARC details
000 -LEADER
campo de control de longitud fija 00745nam a2200205 i 4500
001 - NÚMERO DE CONTROL
campo de control 173350
003 - IDENTIFICADOR DE NÚMERO DE CONTROL
campo de control ES-MaACL
005 - FECHA Y HORA DE LA ÚLTIMA TRANSACCIÓN
campo de control 20230906215223.0
008 - DATOS DE LONGITUD FIJA--INFORMACIÓN GENERAL
campo de control de longitud fija 091127s1987 pr a |||| |dspa d
020 ## - NÚMERO INTERNACIONAL ESTÁNDAR DEL LIBRO
Número Internacional Estándar del Libro 0-86581-380-9
080 ## - NÚMERO DE LA CLASIFICACIÓN DECIMAL UNIVERSAL
Número de la Clasificación Decimal Universal 860(729.5)Laguerre, Enrique A. 1.06
100 1# - ENTRADA PRINCIPAL--NOMBRE DE PERSONA
Nombre de persona Monserrat Gámiz, María del Carmen.
9 (RLIN) 141646
245 10 - MENCIÓN DEL TÍTULO
Título Enrique A. Laguerre y "los amos benévolos" /
Mención de responsabilidad, etc. María del Carmen Monserrat Gámiz.
250 ## - MENCION DE EDICION
Mención de edición 1ª ed.
260 ## - PUBLICACIÓN, DISTRIBUCIÓN, ETC.
Lugar de publicación, distribución, etc. San Juan de Puerto Rico :
Nombre del editor, distribuidor, etc. Instituto de Cultura Puertorriqueña,
Fecha de publicación, distribución, etc. 1987.
300 ## - DESCRIPCIÓN FÍSICA
Extensión 582 p. :
Otras características físicas il. ;
Dimensiones 24 cm.
600 17 - PUNTO DE ACCESO ADICIONAL DE MATERIA--NOMBRE DE PERSONA
Nombre de persona Laguerre, Enrique A.-
Subdivisión general Crítica e interpretación.
9 (RLIN) 69613
710 2# - ENTRADA AGREGADA--NOMBRE DE ENTIDAD CORPORATIVA
Nombre de entidad corporativa o nombre de jurisdicción como elemento de entrada Instituto de Cultura Puertorriqueña.
9 (RLIN) 4858
852 ## - LOCALIZACIÓN
Ubicación ES-MaACL
Número de control de estantería C-56985
Holdings
Estatus retirado Estado de pérdida Estado de daño No para préstamo Biblioteca de origen Biblioteca actual Ubicación en estantería Fecha de adquisición Fuente de adquisición Total de préstamos Signatura topográfica completa Código de barras Visto por última vez Precio de reemplazo Tipo de ítem Koha
        Biblioteca del Ateneo de Madrid Biblioteca del Ateneo de Madrid Depósito 2 27/11/2009     C-56985 1181927 23/02/2023 23/02/2023 Libro impreso